00546nam a22001817a 450000500170000000800410001702000270005804000090008504100120009408200170010610000220012324501060014525000090025126000420026030000090030265000330031170000200034420260515162637.0260515b |||||||| |||| 00| 0 eng d a9789355326478c1750.00 aMAIN aEnglish a005.133bSCH aSchildt, Herbert  aJava The Complete Reference Thirteenth Twelfth Editionb: Comprehensive Coverage of the java Language a13th aChennaibMcGraw Hill Education c2025 a1246 aComputer Science (PM (USHA)  aCowaard, Danny